000 00368nam a2200133Ia 4500
008 240624s9999 xx 000 0 und d
041 _aeng
082 _a621.803 HAR
100 _aHARPER COLLINS
245 _aHOW THINGS WORK THE UNIVERSAL ENCYCLOPEDIA OF MACHINE
260 _c2005
_aNew Delhi
_bHarpercollins Publisher
300 _a590 : p. : cm. ; 20
365 _cRS
999 _c3583
_d3583